[Event "Benalmadena Rapid op 1st"]
[Site "Benalmadena"]
[Date "2023.02.26"]
[Round "4"]
[White "Conquest, Stuart"]
[Black "Reyes Betancourt, Ahmed"]
[Result "1-0"]
[WhiteElo "2510"]
[BlackElo "2166"]
[PlyCount "56"]
[EventDate "2023.02.25"]
[EventType "swiss (rapid)"]
[EventRounds "9"]
[EventCountry "ESP"]
[SourceTitle "EXT 2024"]
[Source "ChessBase"]
[SourceDate "2023.10.10"]
[SourceVersion "1"]
[SourceVersionDate "2023.10.10"]
[SourceQuality "1"]

1. c4 Nf6 2. Nc3 g6 3. e4 d6 4. d4 Bg7 5. h3 0-0 6. Bg5 Nbd7 7. Nf3 e5 8. d5 a5 9. Nd2 Nc5 10. Be2 h6 11. Be3 Ne8 12. 0-0 f5 13. exf5 gxf5 14. f4 e4 15. Nb3 Nxb3 16. Qxb3 Qh4 17. Kh2 Kh7 18. Rad1 Rg8 19. g3 Qf6 20. Rd2 b6 21. Nb5 Qg6 22. Rg1 Bd7 23. Qd1 Bxb5 24. cxb5 Rd8 25. Qc2 Rd7 26. g4 Re7 27. g5 h5 28. Qd1 Qf7 1-0

[Event "Benalmadena Rapid op 1st"]
[Site "Benalmadena"]
[Date "2023.02.26"]
[Round "7"]
[White "Munoz Jorva, Miguel Angel"]
[Black "Conquest, Stuart"]
[Result "0-1"]
[WhiteElo "1756"]
[BlackElo "2510"]
[PlyCount "48"]
[EventDate "2023.02.25"]
[EventType "swiss (rapid)"]
[EventRounds "9"]
[EventCountry "ESP"]
[SourceTitle "CBM 212 Extra"]
[Source "ChessBase"]
[SourceDate "2023.03.31"]
[SourceVersion "1"]
[SourceVersionDate "2023.03.31"]
[SourceQuality "1"]

1. d4 Nf6 2. c4 e6 3. Nf3 c5 4. Nc3 cxd4 5. Nxd4 Nc6 6. e3 d5 7. Nxc6 bxc6 8. Be2 Bd6 9. 0-0 0-0 10. cxd5 cxd5 11. b3 a6 12. Bb2 Bb7 13. Bf3 Qe7 14. Rc1 Rad8 15. Qe2 e5 16. g3 Rfe8 17. Rfe1 Bb4 18. Bg2 h6 19. Qc2 d4 20. exd4 Bxg2 21. Rxe5 Qb7 22. Rxe8+ Rxe8 23. d5 Nxd5 24. Nxd5 Qxd5 0-1

[Event "BCF-chT1d 1415 (4NCL) Demotion pool"]
[Site "England"]
[Date "2015.05.03"]
[Round "10.182"]
[White "Thomas, Nicholas"]
[Black "Conquest, Stuart"]
[Result "0-1"]
[WhiteElo "2261"]
[BlackElo "2496"]
[PlyCount "84"]
[EventDate "2014.11.15"]
[EventType "team-tourn"]
[EventRounds "4"]
[EventCountry "ENG"]
[SourceTitle "EXT 2023"]
[Source "ChessBase"]
[SourceDate "2022.10.05"]
[SourceVersion "1"]
[SourceVersionDate "2022.10.05"]
[SourceQuality "1"]
[WhiteTeam "Warwicks Select"]
[BlackTeam "e2e4.org.uk"]
[WhiteTeamCountry "ENG"]
[BlackTeamCountry "ENG"]

1. e4 c5 2. Nc3 d6 3. g3 g6 4. Bg2 Bg7 5. d3 Nc6 6. f4 e6 7. Nf3 Nge7 8. 0-0 0-0 9. Be3 Nd4 10. e5 Nef5 11. Bf2 Bd7 12. Ne4 Bc6 13. c3 Nxf3+ 14. Qxf3 Rc8 15. Rfd1 b6 16. d4 d5 17. Nd2 Qe7 18. Bf1 f6 19. g4 Nxd4 20. cxd4 fxe5 21. dxe5 Bxe5 22. fxe5 Rxf3 23. Nxf3 d4 24. Bg2 Qb7 25. Ne1 Bxg2 26. Nxg2 Qe4 27. Bg3 Qxg4 28. Rf1 Rf8 29. Rf6 d3 30. Raf1 Rxf6 31. exf6 Kf7 32. Ne3 Qd4 33. Bf2 h5 34. h3 Qe4 35. Nd1 Qf3 36. h4 Qg4+ 37. Kh2 Qe4 38. Nc3 Qc4 39. Bg3 e5 40. a4 a6 41. Bxe5 Qxh4+ 42. Kg2 Qg5+ 0-1

[Event "BCF-chT1c 1314 (4NCL) Promotion pool"]
[Site "England"]
[Date "2014.03.23"]
[Round "8.132"]
[White "Conquest, Stuart"]
[Black "Ghasi, Ameet K"]
[Result "1/2-1/2"]
[WhiteElo "2490"]
[BlackElo "2466"]
[PlyCount "84"]
[EventDate "2013.11.16"]
[EventType "team-tourn"]
[EventRounds "4"]
[EventCountry "ENG"]
[SourceTitle "EXT 2015"]
[Source "ChessBase"]
[SourceDate "2014.11.20"]
[SourceVersion "1"]
[SourceVersionDate "2014.11.20"]
[SourceQuality "1"]
[WhiteTeam "e2e4.org.uk"]
[BlackTeam "Grantham Sharks"]
[WhiteTeamCountry "ENG"]
[BlackTeamCountry "ENG"]

1. e4 g6 2. Nc3 Bg7 3. f4 e6 4. Nf3 d6 5. d4 Ne7 6. Bd3 Nd7 7. 0-0 0-0 8. Kh1 a6 9. Qe1 c5 10. Be3 cxd4 11. Bxd4 Bxd4 12. Nxd4 e5 13. Nde2 exf4 14. Nxf4 Ne5 15. Rd1 Be6 16. Qg3 Kh8 17. Be2 N7c6 18. b3 h6 19. Nxe6 fxe6 20. Qh3 Qe7 21. Qxh6+ Kg8 22. Qd2 Rxf1+ 23. Rxf1 Kg7 24. Rd1 Nf7 25. Qf4 Rc8 26. Rd3 Nce5 27. Rg3 b5 28. Bd1 g5 29. Ne2 Rh8 30. Nd4 Qf6 31. Qxf6+ Kxf6 32. Re3 Rc8 33. Kg1 Ke7 34. Kf2 Rh8 35. h3 Rh4 36. c3 Rf4+ 37. Ke2 g4 38. g3 Rf6 39. h4 Nh6 40. Ke1 Rf8 41. Be2 Ng8 42. a3 Rc8 1/2-1/2

[Event "GBR-ch 99th"]
[Site "North Shields"]
[Date "2012.08.01"]
[Round "9"]
[White "Chapman, Terry PD"]
[Black "Conquest, Stuart"]
[Result "0-1"]
[WhiteElo "2290"]
[BlackElo "2501"]
[PlyCount "58"]
[EventDate "2012.07.23"]
[EventType "swiss"]
[EventRounds "11"]
[EventCountry "ENG"]
[SourceTitle "CBM 149 Extra"]
[Source "ChessBase"]
[SourceDate "2012.08.24"]
[SourceVersion "1"]
[SourceVersionDate "2012.08.24"]
[SourceQuality "1"]

1. Nf3 g6 2. e4 Nf6 3. e5 Nh5 4. d4 d6 5. h3 dxe5 6. Nxe5 Bg7 7. Be2 c5 8. Bxh5 gxh5 9. Qxh5 Be6 10. Bh6 Bxh6 11. Qxh6 Qxd4 12. Qg7 Rf8 13. c3 Qe4+ 14. Kf1 f6 15. Ng4 Nc6 16. Nd2 Qd3+ 17. Ke1 0-0-0 18. Qh6 Qc2 19. Qe3 Bf5 20. Nb3 h5 21. Nh6 Bg6 22. g4 Ne5 23. Nf5 Bxf5 24. gxf5 b6 25. Kf1 Rd1+ 26. Rxd1 Qxd1+ 27. Qe1 Qf3 28. Rh2 Qd3+ 29. Qe2 Qb1+ 0-1

[Event "BCF-chTa 1112 (4NCL)"]
[Site "England"]
[Date "2012.03.31"]
[Round "7.31"]
[White "Franklin, Samuel Gideon"]
[Black "Conquest, Stuart"]
[Result "1/2-1/2"]
[WhiteElo "2179"]
[BlackElo "2509"]
[PlyCount "114"]
[EventDate "2011.11.12"]
[EventType "team-tourn"]
[EventRounds "7"]
[EventCountry "ENG"]
[SourceTitle "EXT 2013"]
[Source "ChessBase"]
[SourceDate "2012.11.22"]
[SourceVersion "1"]
[SourceVersionDate "2012.11.22"]
[SourceQuality "1"]
[WhiteTeam "Barbican II"]
[BlackTeam "Guildford"]
[WhiteTeamCountry "ENG"]
[BlackTeamCountry "ENG"]

1. e4 g6 2. d4 Bg7 3. Nc3 c6 4. f4 d5 5. e5 Qb6 6. Be2 Nh6 7. Nf3 Bg4 8. Na4 Qc7 9. Be3 Nd7 10. 0-0 f6 11. b3 0-0 12. c4 dxc4 13. Bxc4+ Kh8 14. Be2 Rad8 15. Qc2 Nf5 16. Bf2 Bh6 17. g3 Ng7 18. Qc3 Nb6 19. Nxb6 axb6 20. Rfd1 Rd5 21. Bc4 Rd7 22. Bf1 Qd8 23. Bg2 Ne6 24. exf6 exf6 25. Rd2 Bg7 26. Re1 Nc7 27. h3 Bxf3 28. Bxf3 f5 29. Qc4 h5 30. h4 Rf6 31. Rde2 Rfd6 32. d5 cxd5 33. Qd3 Qf6 34. Re5 Qf7 35. R5e2 Ne6 36. Qc2 Rc7 37. Qd1 Nc5 38. Bd4 Kh7 39. Be5 Bxe5 40. fxe5 Rd8 41. e6 Qe7 42. Re5 Ne4 43. Qd4 Rc6 44. Rxd5 Rxd5 45. Qxd5 Rd6 46. Qc4 Rxe6 47. Kg2 Re5 48. Qd4 b5 49. Qb6 Rc5 50. Re2 Rc3 51. Bxe4 fxe4 52. Qxb5 Qd6 53. Qg5 e3 54. Qf4 Qe6 55. Kf3 Qc6+ 56. Qe4 Qf6+ 57. Qf4 Qc6+ 1/2-1/2

[Event "Amsterdam Euwe Memorial Gp2"]
[Site "Amsterdam"]
[Date "2011.11.20"]
[Round "6"]
[White "Van Kampen, Robin"]
[Black "Conquest, Stuart"]
[Result "1-0"]
[WhiteElo "2558"]
[BlackElo "2521"]
[PlyCount "79"]
[EventDate "2011.11.14"]
[EventType "tourn"]
[EventRounds "6"]
[EventCountry "NED"]
[EventCategory "10"]
[SourceTitle "EXT 2012"]
[Source "ChessBase"]
[SourceDate "2011.11.24"]
[SourceVersion "1"]
[SourceVersionDate "2011.11.24"]
[SourceQuality "1"]

1. e4 e5 2. Nf3 Nc6 3. Bb5 a6 4. Ba4 Nge7 5. c3 g6 6. d4 exd4 7. cxd4 b5 8. Bc2 Bg7 9. d5 Nb4 10. Bb3 a5 11. a3 Na6 12. Nc3 Nc5 13. Be3 Nxb3 14. Qxb3 Ba6 15. Bd4 0-0 16. Bxg7 Kxg7 17. Ne2 b4 18. axb4 axb4 19. Qxb4 Re8 20. Nc3 c6 21. 0-0-0 cxd5 22. exd5 Nf5 23. Rhe1 Rxe1 24. Rxe1 Rb8 25. Qf4 Qb6 26. Qd2 Kg8 27. g4 Nd6 28. Ne5 Qa5 29. Qc2 Rc8 30. Re3 Qa1+ 31. Qb1 Qa4 32. Nc6 Qxg4 33. Ne7+ Kf8 34. Nxc8 Nc4 35. Qe4 Nxe3 36. Qe7+ Kg7 37. Qe5+ f6 38. Qe7+ Kh6 39. Qxe3+ g5 40. Ne7 1-0

[Event "Amsterdam Euwe Memorial Gp2"]
[Site "Amsterdam"]
[Date "2011.11.16"]
[Round "3"]
[White "Socko, Monika"]
[Black "Conquest, Stuart"]
[Result "1-0"]
[WhiteElo "2479"]
[BlackElo "2521"]
[PlyCount "157"]
[EventDate "2011.11.14"]
[EventType "tourn"]
[EventRounds "6"]
[EventCountry "NED"]
[EventCategory "10"]
[SourceTitle "EXT 2012"]
[Source "ChessBase"]
[SourceDate "2011.11.24"]
[SourceVersion "1"]
[SourceVersionDate "2011.11.24"]
[SourceQuality "1"]

1. d4 f5 2. Nf3 Nf6 3. c4 g6 4. g3 b6 5. Bg2 Bb7 6. Nc3 Bg7 7. 0-0 0-0 8. d5 Na6 9. Be3 Qe8 10. Qb3 Ng4 11. Bd2 e6 12. Rad1 Kh8 13. Nb5 exd5 14. cxd5 Nc5 15. Qc4 Ba6 16. Bc3 Qe7 17. Nfd4 Rac8 18. Qb4 Bxb5 19. Nxb5 a5 20. Qc4 Bxc3 21. Qxc3+ Qg7 22. Rd4 Nf6 23. Rfd1 Nfe4 24. Qc1 Qe5 25. Qe3 Qf6 26. a3 Rfe8 27. Bxe4 Nxe4 28. Qf4 Re5 29. Rc4 Nd6 30. Nxd6 Qxd6 31. Qd2 Kg8 32. e3 Rb8 33. h4 b5 34. Rd4 b4 35. a4 Kf7 36. b3 h5 37. Qd3 Rb6 38. Qc4 Ke8 39. e4 fxe4 40. Rxe4 Rxe4 41. Qxe4+ Kd8 42. Re1 Kc8 43. Qe8+ Kb7 44. Qf7 c6 45. Re7 Kc7 46. Re6 Qxd5 47. Qf4+ Kb7 48. Re8 Ka7 49. Kh2 Qf5 50. Qe3 Kb7 51. Re5 Qf6 52. Rxa5 d5 53. Kg2 Ra6 54. Rc5 Kc7 55. Qd3 Qd6 56. Qd4 Ra8 57. a5 Re8 58. Rc2 Kd7 59. a6 Re4 60. Qa1 Re8 61. a7 Ra8 62. Qg7+ Qe7 63. Qxg6 Qe4+ 64. Qxe4 dxe4 65. Ra2 c5 66. g4 hxg4 67. Kg3 Kc6 68. h5 c4 69. bxc4 Kc5 70. h6 b3 71. Ra1 Kxc4 72. h7 b2 73. Rh1 Rh8 74. Kxg4 Kd3 75. Kg5 Kc2 76. Kg6 Ra8 77. h8Q Rxh8 78. Rxh8 b1Q 79. a8Q 1-0

[Event "BCF-chTa 1112 (4NCL)"]
[Site "England"]
[Date "2011.11.13"]
[Round "2.2"]
[White "Conquest, Stuart"]
[Black "Ledger, Andrew"]
[Result "1/2-1/2"]
[WhiteElo "2509"]
[BlackElo "2424"]
[PlyCount "104"]
[EventDate "2011.11.12"]
[EventType "team-tourn"]
[EventRounds "7"]
[EventCountry "ENG"]
[SourceTitle "EXT 2013"]
[Source "ChessBase"]
[SourceDate "2012.11.22"]
[SourceVersion "1"]
[SourceVersionDate "2012.11.22"]
[SourceQuality "1"]
[WhiteTeam "Guildford"]
[BlackTeam "Blackthorne Russia"]
[WhiteTeamCountry "ENG"]
[BlackTeamCountry "ENG"]

1. e4 c6 2. d4 d5 3. e5 Bf5 4. Be3 e6 5. Nd2 Nd7 6. Nb3 Ne7 7. f4 Bg6 8. Nf3 Nf5 9. Bf2 h5 10. Be2 Rc8 11. 0-0 a6 12. Rc1 b5 13. a4 Be7 14. Ra1 Qb6 15. Ne1 f6 16. Nd3 h4 17. Qd2 0-0 18. Ra2 fxe5 19. fxe5 Qd8 20. Bg4 Bg5 21. Qe2 Rf7 22. axb5 axb5 23. Ra7 Ra8 24. Rxa8 Qxa8 25. Bh5 Bxh5 26. Qxh5 Qd8 27. Nbc5 Nf8 28. Nb4 g6 29. Qe2 Qa8 30. c3 Ng7 31. Re1 Be7 32. Qg4 Nf5 33. Rb1 Nh6 34. Qe2 Rf5 35. Qe1 h3 36. gxh3 Bxc5 37. dxc5 Nd7 38. Bd4 Nf7 39. Nd3 Qd8 40. Kh1 Qg5 41. Qe2 Qh5 42. Qxh5 gxh5 43. Ra1 Nfxe5 44. Nb4 h4 45. Ra6 Rf1+ 46. Kg2 Rb1 47. Nxc6 Rxb2+ 48. Kf1 Nf3 49. Ne7+ Kf7 50. c6 Rd2 51. Bg1 Nxg1 52. c7 Nf3 1/2-1/2

[Event "BCF-chTa 1112 (4NCL)"]
[Site "England"]
[Date "2011.11.12"]
[Round "1.2"]
[White "Jirka, Jiri"]
[Black "Conquest, Stuart"]
[Result "1-0"]
[WhiteElo "2415"]
[BlackElo "2509"]
[PlyCount "70"]
[EventDate "2011.11.12"]
[EventType "team-tourn"]
[EventRounds "7"]
[EventCountry "ENG"]
[SourceTitle "EXT 2013"]
[Source "ChessBase"]
[SourceDate "2012.11.22"]
[SourceVersion "1"]
[SourceVersionDate "2012.11.22"]
[SourceQuality "1"]
[WhiteTeam "The ADS"]
[BlackTeam "Guildford"]
[WhiteTeamCountry "ENG"]
[BlackTeamCountry "ENG"]

1. d4 g6 2. c4 Bg7 3. g3 c5 4. d5 d6 5. Bg2 b5 6. cxb5 a6 7. bxa6 Nf6 8. Nc3 0-0 9. Nf3 Nxa6 10. 0-0 Qb6 11. Re1 Nd7 12. e4 Re8 13. Bf1 Ne5 14. Nxe5 Bxe5 15. a4 Bd7 16. Bd2 Reb8 17. Rb1 Nc7 18. b3 Bc8 19. Bc4 Ba6 20. Qc2 Rb7 21. Bf4 Bxc3 22. Qxc3 Bxc4 23. Qxc4 f6 24. Bd2 Qa6 25. Qc2 Rab8 26. h4 Rb6 27. b4 Qa7 28. b5 Ra8 29. Ra1 Nxb5 30. axb5 Qxa1 31. Rxa1 Rxa1+ 32. Kg2 Rxb5 33. h5 gxh5 34. Be3 Rb4 35. e5 fxe5 1-0

[Event "GBR-ch 98th"]
[Site "Sheffield"]
[Date "2011.08.03"]
[Round "9"]
[White "Conquest, Stuart"]
[Black "Summerscale, Aaron"]
[Result "0-1"]
[WhiteElo "2519"]
[BlackElo "2415"]
[PlyCount "122"]
[EventDate "2011.07.24"]
[EventType "swiss"]
[EventRounds "11"]
[EventCountry "ENG"]
[SourceTitle "CBM 143 Extra"]
[Source "ChessBase"]
[SourceDate "2011.08.29"]
[SourceVersion "1"]
[SourceVersionDate "2011.08.29"]
[SourceQuality "1"]

1. e4 e6 2. d4 d5 3. Nd2 c5 4. Ngf3 Nf6 5. e5 Nfd7 6. c4 Nc6 7. cxd5 exd5 8. Bb5 Be7 9. 0-0 0-0 10. Re1 Qb6 11. Bf1 Re8 12. a3 a5 13. h3 a4 14. Bd3 c4 15. Bc2 Nxd4 16. Nxd4 Qxd4 17. e6 Nf6 18. Bxa4 Rf8 19. Nf3 Qxd1 20. exf7+ Rxf7 21. Bxd1 Bb4 22. Re2 Bf5 23. Bc2 Bxc2 24. Rxc2 Bc5 25. Bd2 Re8 26. Bc3 Ne4 27. Re1 Rfe7 28. Bd4 Ng5 29. Rxe7 Nxf3+ 30. gxf3 Bxe7 31. Kg2 Kf7 32. Rd2 Rd8 33. f4 Bf6 34. Bxf6 Kxf6 35. Rd4 Ke6 36. Kf3 Kd6 37. Rd1 Kc5 38. Rg1 Rd7 39. Rg5 Kd4 40. Ke2 c3 41. bxc3+ Kxc3 42. Re5 Kb2 43. a4 Kb3 44. a5 Kb4 45. f5 Kxa5 46. Kd3 b5 47. f6 gxf6 48. Re6 f5 49. Re5 Ka4 50. Rxf5 Ka3 51. f4 b4 52. Rf6 b3 53. Ra6+ Kb2 54. f5 Kb1 55. f6 b2 56. Re6 d4 57. Kd2 Ra7 58. Re7 Ra8 59. f7 Ka1 60. f8Q Rxf8 61. Ra7+ Kb1 0-1

[Event "GBR-ch 98th"]
[Site "Sheffield"]
[Date "2011.08.02"]
[Round "8"]
[White "Hawkins, Jonathan J"]
[Black "Conquest, Stuart"]
[Result "1-0"]
[WhiteElo "2457"]
[BlackElo "2519"]
[PlyCount "91"]
[EventDate "2011.07.24"]
[EventType "swiss"]
[EventRounds "11"]
[EventCountry "ENG"]
[SourceTitle "CBM 143 Extra"]
[Source "ChessBase"]
[SourceDate "2011.08.29"]
[SourceVersion "1"]
[SourceVersionDate "2011.08.29"]
[SourceQuality "1"]

1. Nf3 e6 2. c4 b6 3. g3 Bb7 4. Bg2 Nf6 5. d4 Bb4+ 6. Bd2 a5 7. 0-0 0-0 8. Bf4 Be7 9. Nc3 Ne4 10. Rc1 d6 11. Qd3 Nxc3 12. Rxc3 Ra7 13. h4 Nd7 14. Re1 Qa8 15. Ng5 Nf6 16. Bxb7 Qxb7 17. Rcc1 h6 18. Nf3 Qe4 19. Red1 a4 20. Ne1 Qa8 21. d5 e5 22. Bd2 b5 23. cxb5 Rb8 24. Rc6 Qb7 25. Ra6 Rxa6 26. bxa6 Qxd5 27. Qxd5 Nxd5 28. Ba5 c6 29. e4 Nf6 30. Bc7 Ra8 31. Bxd6 Bxd6 32. Rxd6 Rxa6 33. Rd8+ Kh7 34. f3 c5 35. Nd3 Rb6 36. Rc8 Rd6 37. Nxe5 Rd1+ 38. Kf2 Rd2+ 39. Ke3 Rxb2 40. Nxf7 Rxa2 41. g4 Ra3+ 42. Kf4 Nd7 43. e5 Nb6 44. Rh8+ Kg6 45. Nd6 Nd5+ 46. Kg3 1-0

[Event "GBR-ch 98th"]
[Site "Sheffield"]
[Date "2011.08.01"]
[Round "7"]
[White "Conquest, Stuart"]
[Black "Houska, Jovanka"]
[Result "1/2-1/2"]
[WhiteElo "2519"]
[BlackElo "2418"]
[PlyCount "65"]
[EventDate "2011.07.24"]
[EventType "swiss"]
[EventRounds "11"]
[EventCountry "ENG"]
[SourceTitle "CBM 143 Extra"]
[Source "ChessBase"]
[SourceDate "2011.08.29"]
[SourceVersion "1"]
[SourceVersionDate "2011.08.29"]
[SourceQuality "1"]

1. c4 c6 2. e3 d5 3. b3 Bf5 4. Bb2 e6 5. Nf3 Nd7 6. Be2 h6 7. 0-0 Ngf6 8. d3 Bc5 9. Na3 0-0 10. Nc2 Qe7 11. Qd2 Rfd8 12. cxd5 cxd5 13. Rfc1 Rac8 14. Ne5 Nxe5 15. Bxe5 Nd7 16. Bb2 a6 17. Qd1 Bg6 18. g3 Rc7 19. Ne1 Rdc8 20. Rc2 Ba3 21. Rac1 Rxc2 22. Rxc2 Rxc2 23. Qxc2 Bxb2 24. Qxb2 Qc5 25. h4 f6 26. Bg4 Nf8 27. Bh3 Be8 28. Nf3 Bh5 29. Bg2 Bxf3 30. Bxf3 a5 31. d4 Qc7 32. Qe2 f5 33. Qd2 1/2-1/2

[Event "GBR-ch 98th"]
[Site "Sheffield"]
[Date "2011.07.28"]
[Round "4"]
[White "Short, Nigel D"]
[Black "Conquest, Stuart"]
[Result "1-0"]
[WhiteElo "2687"]
[BlackElo "2519"]
[PlyCount "113"]
[EventDate "2011.07.24"]
[EventType "swiss"]
[EventRounds "11"]
[EventCountry "ENG"]
[SourceTitle "CBM 143 Extra"]
[Source "ChessBase"]
[SourceDate "2011.08.29"]
[SourceVersion "1"]
[SourceVersionDate "2011.08.29"]
[SourceQuality "1"]

1. e4 c5 2. Nf3 g6 3. d4 Bg7 4. d5 d6 5. Nc3 Bg4 6. Be2 Nd7 7. 0-0 Ngf6 8. a4 0-0 9. Re1 Rb8 10. h3 Bxf3 11. Bxf3 Ne8 12. Be2 a6 13. Ra2 Nc7 14. a5 b5 15. axb6 Rxb6 16. Nb1 e6 17. Nd2 exd5 18. exd5 Ne5 19. Nf1 f5 20. f4 Nd7 21. c3 Nf6 22. Bf3 Qd7 23. Ne3 Re8 24. Nc4 Rxe1+ 25. Qxe1 Rb8 26. Qd1 Re8 27. Na5 h5 28. Nc6 Ne4 29. c4 Bf6 30. Ra3 Bh4 31. Be3 Qg7 32. Rb3 Nf6 33. Bd2 Ne4 34. Ba5 Rf8 35. Bxe4 fxe4 36. Qe2 Ne8 37. Qxe4 Kh7 38. Bd2 Bf6 39. Bc1 Qf7 40. Rb8 Ng7 41. Rxf8 Qxf8 42. g4 Qc8 43. Qf3 Qb7 44. b3 a5 45. gxh5 gxh5 46. Qd3+ Kg8 47. Bd2 Qd7 48. Qg6 Qf5 49. Qxf5 Nxf5 50. Kf2 Kf7 51. Bxa5 Ke8 52. Kf3 Kf7 53. b4 cxb4 54. Bxb4 Ke8 55. Be1 Kd7 56. Ke4 Nh6 57. Bf2 1-0

[Event "Otranto op 1st"]
[Site "Otranto"]
[Date "2011.05.25"]
[Round "6"]
[White "Conquest, Stuart"]
[Black "Dvirnyy, Danyyil"]
[Result "1/2-1/2"]
[WhiteElo "2532"]
[BlackElo "2448"]
[PlyCount "71"]
[EventDate "2011.05.21"]
[EventType "swiss"]
[EventRounds "9"]
[EventCountry "ITA"]
[SourceTitle "CBM 142 Extra"]
[Source "ChessBase"]
[SourceDate "2011.06.27"]
[SourceVersion "1"]
[SourceVersionDate "2011.06.27"]
[SourceQuality "1"]

1. c4 Nf6 2. Nc3 g6 3. g3 Bg7 4. Bg2 0-0 5. e4 c5 6. Nge2 Nc6 7. d3 d6 8. 0-0 Ne8 9. Be3 Nc7 10. Qd2 Ne6 11. Bh6 Ned4 12. Nxd4 Nxd4 13. Bxg7 Kxg7 14. f4 e5 15. Rf2 f6 16. Raf1 a5 17. Nd5 Ra6 18. h3 Rf7 19. Kh2 Be6 20. fxe5 fxe5 21. Nf6 Ra8 22. Qg5 Kh8 23. h4 Qe7 24. Qh6 Qf8 25. Qd2 h5 26. Bh3 Qg7 27. Bxe6 Nxe6 28. Nd5 Raf8 29. Kg2 Nd4 30. Qg5 Rxf2+ 31. Rxf2 Rxf2+ 32. Kxf2 Qf7+ 33. Qf6+ Kg8 34. Ke3 Qxf6 35. Nxf6+ Kf7 36. Nd5 1/2-1/2

[Event "Otranto op 1st"]
[Site "Otranto"]
[Date "2011.05.24"]
[Round "4"]
[White "Conquest, Stuart"]
[Black "Glek, Igor Vladimirovich"]
[Result "1-0"]
[WhiteElo "2532"]
[BlackElo "2424"]
[PlyCount "71"]
[EventDate "2011.05.21"]
[EventType "swiss"]
[EventRounds "9"]
[EventCountry "ITA"]
[SourceTitle "CBM 142 Extra"]
[Source "ChessBase"]
[SourceDate "2011.06.27"]
[SourceVersion "1"]
[SourceVersionDate "2011.06.27"]
[SourceQuality "1"]

1. d4 Nf6 2. c4 g6 3. Nc3 Bg7 4. e4 d6 5. h3 0-0 6. Bg5 a6 7. Nf3 c5 8. dxc5 Qa5 9. Bd3 dxc5 10. 0-0 Nc6 11. a3 Nd7 12. Rc1 e6 13. Bh4 Qc7 14. Qd2 b6 15. Bb1 Bb7 16. Ne2 Nde5 17. Nxe5 Qxe5 18. Nc3 Nd4 19. Rcd1 b5 20. f4 Qc7 21. Kh1 bxc4 22. Ba2 f5 23. e5 Bd5 24. Nxd5 exd5 25. Bf2 Rfd8 26. Bxd4 cxd4 27. Qxd4 Rab8 28. Rd2 Bf8 29. Rfd1 Qa5 30. Qe3 Qb5 31. Qc3 Rbc8 32. Rd4 Be7 33. Qd2 Kf8 34. Kh2 Rb8 35. Rxd5 Rxd5 36. Qxd5 1-0

[Event "BCF-chT1c 1011 (4NCL) Promotion pool"]
[Site "England"]
[Date "2011.05.01"]
[Round "10.13"]
[White "Turner, Matthew"]
[Black "Conquest, Stuart"]
[Result "1/2-1/2"]
[WhiteElo "2517"]
[BlackElo "2529"]
[PlyCount "101"]
[EventDate "2010.11.06"]
[EventType "team-tourn"]
[EventRounds "4"]
[EventCountry "ENG"]
[SourceTitle "EXT 2012"]
[Source "ChessBase"]
[SourceDate "2011.11.24"]
[SourceVersion "1"]
[SourceVersionDate "2011.11.24"]
[SourceQuality "1"]
[WhiteTeam "Barbican"]
[BlackTeam "Guildford"]
[WhiteTeamCountry "ENG"]
[BlackTeamCountry "ENG"]

1. e4 c5 2. Nc3 e6 3. g3 Nc6 4. Bg2 Nf6 5. Nge2 d6 6. 0-0 Be7 7. b3 0-0 8. Bb2 a6 9. h3 Qc7 10. d3 b5 11. Qd2 Bb7 12. Nd1 d5 13. exd5 Nxd5 14. Ndc3 Nxc3 15. Bxc3 Rad8 16. Rae1 h6 17. Qf4 Bd6 18. Qc1 Ne7 19. Ba5 Qxa5 20. Bxb7 Rd7 21. Bg2 Be5 22. a3 Rfd8 23. Qe3 Bf6 24. Qc1 Nf5 25. Nf4 Bc3 26. Re4 Nd6 27. Re2 Qb6 28. Kh2 Nf5 29. Re4 Nd6 30. Re2 Qc7 31. h4 Nf5 32. Re4 Nd6 33. Re2 a5 34. Bh3 Re7 35. Qe3 Bd4 36. Qf3 Qa7 37. Kg2 a4 38. bxa4 Qxa4 39. c3 Bf6 40. d4 cxd4 41. cxd4 Bxd4 42. Rb1 Qa7 43. Rb3 e5 44. Nd5 Ree8 45. Nc3 Qa6 46. Kg1 b4 47. Ne4 Nb5 48. Rxb4 Ba7 49. Ra2 Nd4 50. Qh5 Rb8 51. Bf1 1/2-1/2